|
|
|
|
| LEADER |
01233nam a22003017a 4500 |
| 001 |
4178 |
| 003 |
BD-DhAAL |
| 005 |
20151110123606.0 |
| 008 |
151110s1998 bg 000 0 beno |
| 010 |
|
|
|a 98915616
|
| 020 |
|
|
|a 9843101456
|
| 020 |
|
|
|a 9843101455 (jacket)
|
| 040 |
|
|
|a DLC
|c DLC
|d BD-DhAAL
|
| 050 |
0 |
0 |
|a MLCSA 2000/00633 (H)
|
| 082 |
|
|
|a 362.5/56/095492
|
| 100 |
1 |
|
|a মাহমুদ, আনু
|9 16076
|
| 245 |
1 |
0 |
|a বাজেট, পরিকল্পনা দারিদ্র বিমোচন /
|c আনু মাহমুদ.
|
| 260 |
|
|
|a ঢাকা :
|b হাক্কানী পাবলিশার্স :
|b Paribeśaka Papulāra Pābaliśārsa,
|c ১৯৯৮.
|
| 300 |
|
|
|a ১৮২ পৃ. ;
|c ২২ সে.মি.
|
| 520 |
|
|
|a On the budget of Bangladesh and its role in eradication of poverty.
|
| 541 |
|
|
|e 4178
|
| 546 |
|
|
|a In Bengali.
|
| 650 |
|
0 |
|a Budget
|z Bangladesh.
|9 16077
|
| 650 |
|
0 |
|a Poverty
|z Bangladesh.
|9 16078
|
| 651 |
|
0 |
|a Bangladesh
|x Economic policy.
|9 16079
|
| 942 |
|
|
|2 ddc
|c BK
|
| 999 |
|
|
|c 36098
|d 36098
|
| 952 |
|
|
|0 0
|1 0
|2 ddc
|4 0
|6 362_500000000000000_56_095492_MAH
|7 0
|9 56720
|a SCL
|b SCL
|c GEN
|d 2015-11-10
|g 200.00
|l 0
|o 362.556095492 MAH
|p 3020004178
|r 2015-11-10
|t 1
|w 2015-11-10
|y BK
|